| 000 | 01051nam a22004097a 4500 | ||
|---|---|---|---|
| 005 | 20251128170520.0 | ||
| 008 | 160121b2013 xxu||||| |||| 00| 0 spa d | ||
| 020 | _a9786073221900 | ||
| 041 | _aESP | ||
| 082 | _a530 Y68f13 | ||
| 100 |
_aYoung, Hung, D _91951 |
||
| 100 |
_aFreedman, Roger A _91952 |
||
| 245 | _aFísica universitaria con física moderna, Vol. 2 | ||
| 250 | _a13 edición | ||
| 260 | _aMéxico | ||
| 260 | _bPearson Educación | ||
| 260 | _c2013 | ||
| 300 | _a896 páginas | ||
| 490 | _aGestión de Calidad | ||
| 490 | _aElectrónica | ||
| 650 | _aFISICA | ||
| 650 | _aCAMPO ELÉCTRICO | ||
| 650 | _aCORRIENTE ELECTRICA | ||
| 650 | _aCAMPO MAGNETICO | ||
| 650 | _aELETROMAGNÉTICA | ||
| 650 | _aCORRIENTE ALTERNA | ||
| 650 | _aONDAS ELECTROMAGNÉTICAS | ||
| 650 | _aÓPTICA GEOMÉTRICA | ||
| 650 | _aRELATIVIDAD | ||
| 650 | _aMECÁNICA CUÁNTICA | ||
| 650 | _aFÍSICA NUCLEAR | ||
| 650 | _aFÍSICA DE PARTICULAS | ||
| 650 | _aCOSMOLOGÍA | ||
| 942 |
_cBK _2ddc |
||
| 999 |
_c7464 _d7464 |
||